مكتبة جامعة عجلون الوطنية

فهرس بحث المكتبة

Normal view MARC view
  • الطب في القران - العلاج الديني -الاسلام والطب -الطب النبوي - الحبة السوداء

Entry Topical Term

Number of records used in: 1

001 - CONTROL NUMBER

  • control field: 8317

003 - CONTROL NUMBER IDENTIFIER

  • control field: JO-AjAnu

005 - DATE AND TIME OF LATEST TRANSACTION

  • control field: 20230606071637.0

008 - FIXED-LENGTH DATA ELEMENTS

  • fixed length control field: 230606|| aca||aabn | a|a d

040 ## - CATALOGING SOURCE

  • Original cataloging agency: JO-AjAnu
  • Transcribing agency: JO-AjAnu

150 ## - HEADING--TOPICAL TERM

  • Topical term or geographic name entry element: الطب في القران - العلاج الديني -الاسلام والطب -الطب النبوي - الحبة السوداء

670 ## - SOURCE DATA FOUND

  • Source citation: Work cat.: (JO-AjAnu)4294: تاليف حمزة، عمر يوسف, author 8316, التداوي بالقرآن والسنة والحبة السوداء